Регионална библиотека "Любен Каравелов" - Русе

Families (Запис номер 95316)

MARC детайли
000 -Лидер
Контролно поле с фиксирана дължина 00986nam a2200301 c 4500
003 - Код на организацията, давaща контролен номер
Контролно поле BLK
005 - Дата и час на последна редакция
Контролно поле 20180724120612.0
008 - Елементи от данни с фиксирана дължина
fixed length control field 180409b bul|||||r ||||||| ||bul||
010 ## - Наследен системен номер
LC control number KNG00100171000
020 ## - Международен стандартен номер на книга ISBN
Международен стандартен номер на книга ISBN 0-582-44809-3
-- издат.: Pearson Education
040 ## - Източник на каталожния запис
Идентификатор на билиотеката - собственик на записа BLK
041 ## - Код за език
Код за езика на текст/звукозапис или на отделно заглавие Английски
Код за езика КДБФ Английски
080 ## - УДК
Текстов определител УДК Английски език - учебни предмети
УДК код - определител по УДК 373.3.016:811.111
УДК определител
УДК - код + определител 373.3.016:811.111
100 1# - Редна дума - Автор
Автор Cretegny, Georgina
Авторска отговорност първи автор
R(LIN) 7750
139 ## - Редно поле
Редна дума Cretegny, Georgina
Авторски знак Cre - C 88
245 10 - Сведения за заглавието
Заглавие Families
Редно поле (дума) Georgina Cretegny.
260 ## - Област на издателските данни
-- Harlow
Име на издателя, разпространителя и проч. Pearson Education
Година на издаване 2001
300 ## - Физическа характеристика
Страници 16 c.
Илюстрации и др. с ил.
Размери/Мащаб 25 cm
Съпровождащи материали 1 аудиокасета
380 ## - Жанр
Жанр Обществени науки
490 1# - СЕРИИ (Колекции)
Име на серия Penguin Young Readres
490 1# - СЕРИИ (Колекции)
-- Подсерия
Име на серия Level 1
650 #4 - Допълнително описание по предмет – тема
Основно описание – тема или топоним Английски език - за деца - текстове
9 (RLIN) 253990
852 ## - Местоположение
Форматна сигнатура Цб 210754
856 4# - Електронен адрес и достъп
Електронен формат pdf - файл
Път до файла /url/
856 4# - Електронен адрес и достъп
Електронен формат pdf - файл
Път до файла /url/
942 ## - АРТИКУЛИ
Вид на библиотечния материал Книги
Скрит в OPAC Не
Koha issues (borrowed), all copies 1
944 ## - СЪЗДАВАНЕ И РЕДАКЦИЯ на ЗАПИСА
Създаване/Редакция Създаване
Дата на регистрацията/редакция 01.01.2001
Служител, извършил регистрацията/редакцията AB_DOS
944 ## - СЪЗДАВАНЕ И РЕДАКЦИЯ на ЗАПИСА
Създаване/Редакция Редакция
Дата на регистрацията/редакция 15.01.2003
Служител, извършил регистрацията/редакцията
999 ## - СИСТЕМНИ КОНТРОЛНИ НОМЕРА
Koha biblionumber 95316
Koha biblioitemnumber 95316
Наличности
Код за отписване Код за изгубен артикул Код за повреда Коз за рестрикции Код за отдаване Артикулен № Име на библиотеката - собственик Име на библиотеката, в която се намира в момента Статус (Текущо местоположение) Дата на вписване в системата Местоположение - отдел Цена в лева Инвентарен номер Систематично азбучна сигнатура Баркод Номер на екземпляра Цена в евро Служебна бележка Служебен тип на артикула
  Не е изгубен Не е повреден без рестрикции заемане за дома 153056 Регионална библиотека "Любен Каравелов" Русе Регионална библиотека "Любен Каравелов" Русе ЧЧЗО - англ. ез. - Британски съвет 2002-02-06 ЧЧЗО - англ. ез. - Британски съвет 7.70 120000668687 Ч3 327.65/С 88 120000668687 1 3.94 Дост: Pk Вид: Ф N: 25 Дата: 12.07.2001 Дата инв: 18.03.2015 Бележки инв: Ч32015 Книги
Vip Innovations Ltd, Rousse, Bulgaria 2025